000 00540cam a22002171 4500
001 sa 67007379
003 DLC
005 20260227112415.0
008 911105s1966 ii i 000 0 malo
010 _asa 67007379
035 _a(OCoLC)24683628
040 _aDLC
_cWaU
_dDLC
042 _apremarc
050 0 0 _aPK3659
_b.V3
100 1 _aVarmaji, R. S.
245 1 0 _aRāmāyaṇa kathāpātraṅṅaḷ.
260 _c[1966]
300 _a126 p.
_c18 cm.
500 _aIn Malayalam.
600 0 0 _aVālmīki.
_tRāmāyaṇa
_xIndexes.
999 _c76541
_d76541